000 00629nam a2200229Ia 4500
003 OSt
005 20220925185022.0
006 a|||||r|||| 00| 0
007 ta
008 220923b |||||||| |||| 00| 0 hin d
037 _cGeneral Book
040 _aRTL
_cRTL
_bhin
041 _2hin
_ahin
082 _aX6xM83, K5
100 _aHajela P. D.
245 0 _aRojgaar ke classical tatha Kynesian siddhant
260 _aAllahabad
_bGarg Brothers India
_c1965
300 _a56p.
_ccm.
650 _aCredit Economics
_9232529
942 _hX6xM83, K5
_cGB
_2CC
999 _c509567
_d509567